000 00308nas a2200121 4500
005 20211102143254.0
008 211102b ||||| |||| 00| 0 eng d
022 _a0973-0052
040 _c
245 _aInternational journal of rural management
260 _aSage Publication
_bApr 2021
942 _2ddc
_cPR
999 _c220343
_d220343